000 00483nam a2200193 a 4500
001 1770111163217
003 YourLibrary
005 20260203155520.0
008 260203s1996##################000#0#eng##
020 _a9780385473996
082 0 4 _a305.42
_bGRI
100 1 _aGriffin, Susan,
_eauthor.
245 1 0 _aThe Eros of Everyday Life :
260 _bAnchor,
_c1996.
300 _a268 pages
650 0 _aNature.
942 _cENGLISH
040 _aYourLibrary
_beng
_cYourLibrary
999 _c610077
_d610077